Παιδαγωγικά Προγράμματα / Για Παιδιά με Δυσκολίες Μάθησης (Record no. 8282)
[ view plain ]
| 000 -LEADER | |
|---|---|
| fixed length control field | 01365cam a22002054a 4500 |
| 005 - ΗΜΕΡΟΜΗΝΙΑ ΚΑΙ ΩΡΑ ΤΕΛΕΥΤΑΙΑΣ ΕΝΗΜΕΡΩΣΗΣ | |
| Πεδίο ελέγχου | 20250605164331.0 |
| 008 - FIXED-LENGTH DATA ELEMENTS--GENERAL INFORMATION | |
| Πεδίο ελέγχου σταθερού μήκους | 250528s ||||||||||||||||||||||||d |
| 035 ## - SYSTEM CONTROL NUMBER | |
| System control number | 23253 |
| 020 ## - ISBN | |
| ISBN | 97896075921251 |
| 040 ## - ΠΗΓΗ ΚΑΤΑΛΟΓΟΓΡΑΦΗΣΗΣ | |
| Φορέας πρωτότυπης καταλογογράφησης | MC Athens Campus Library |
| Γλώσσα καταλογογράφησης | Ελληνικά, Μοντέρνα (1453-) |
| Modifying agency | MC Athens Campus Library |
| Κανόνες περιγραφικής καταλογογράφησης | AACR2 |
| 245 1# - ΤΙΤΛΟΣ ΚΑΙ ΔΗΛΩΣΗ ΥΠΕΥΘΥΝΟΤΗΤΑΣ | |
| Τίτλος | Παιδαγωγικά Προγράμματα / Για Παιδιά με Δυσκολίες Μάθησης |
| 260 ## - PUBLICATION, DISTRIBUTION, ETC. | |
| Name of publisher, distributor, etc. | Προμηθεύς, |
| Date of publication, distribution, etc. | 2011 |
| 300 ## - PHYSICAL DESCRIPTION | |
| Extent | 260 |
| 520 ## - SUMMARY, ETC. | |
| Summary, etc. | Πρόλογος, Εισαγωγή, Οι Μαθησιακές Θεωρίες στην Παιδαγωγική Πράξη, Αξιολόγηση, Προγράμματα Παιδαγωγικής Παρέμβασης για Παιδιά με Μαθησιακές Δυσκολίες, Θεραπευτικά Προγράμματα Παρέμβασης, Προγράμματα Στρατηγικών σε Ενταξιακό Πλαισιο, Διδακτικές Παρεμβάσεις για Παιδιά με Μαθησιακές Δυσκολίες στο Πλαίσιο της Σχολικής Τάξης, Η Αντιμετώπιση των Παιδιών με Μαθησιακές Δυσκολίες στην Ελλάδα, Βιβλιογραφία. |
| 700 1# - ΠΡΟΣΘΕΤΗ ΑΝΑΓΡΑΦΗ--ΦΥΣΙΚΟ ΠΡΟΣΩΠΟ | |
| Personal name | Αναγνωστοπούλου Ελένη |
| 9 (RLIN) | 8841 |
| 700 1# - ΠΡΟΣΘΕΤΗ ΑΝΑΓΡΑΦΗ--ΦΥΣΙΚΟ ΠΡΟΣΩΠΟ | |
| Personal name | Τζουριάδου Μαρία |
| 9 (RLIN) | 8706 |
| 942 ## - ADDED ENTRY ELEMENTS (KOHA) | |
| Koha item type | Books |
| Τύπος τεκμηρίου | Βιβλιοθήκη | Τρέχουσα τοποθεσία | Barcode | Αριθμός εισαγωγής | Ημερομηνία απόκτησης | Ταξιθετικό σύμβολο | Αριθμός αντιτύπου | Κατάσταση απόσυρσης | Κατάσταση χαμένου | Κατάσταση κατεστραμμένου | Μη δανεισμός | Σύνολο δανεισμών | Ημερομηνία τελευταίας εμφάνισης | Η τιμή ισχύει από |
|---|---|---|---|---|---|---|---|---|---|---|---|---|---|---|
| Books | MC Athens Campus Library | MC Athens Campus Library | 9780000082817 | 7645 | 05/06/2025 | 371.9043 TZO | 1 | 05/06/2025 | 05/06/2025 |